Ключи к методическим указаниям для выполнения лабораторных работ по профессиональному английскому языку по специальности "Бурение"

Dades bibliogràfiques
Autor principal: Абрамова Р. Н. Раиса Николаевна
Altres autors: Болсуновская Л. М. Людмила Михайловна
Sumari:В фонде НТБ ТПУ отсутствует
Idioma:rus
Publicat: Томск, Изд-во ТПУ, 2010
Matèries:
Format: MixedMaterials Llibre
KOHA link:https://koha.lib.tpu.ru/cgi-bin/koha/opac-detail.pl?biblionumber=597625

MARC

LEADER 00000nam0a2200000 4500
001 597625
005 20240117155450.0
035 |a (RuTPU)RU\TPU\tpu\20942 
090 |a 597625 
100 |a 20120327d2010 m y0rusy50 ca 
101 0 |a rus 
102 |a RU 
105 |a a z 001zy 
200 1 |a Ключи к методическим указаниям для выполнения лабораторных работ по профессиональному английскому языку по специальности "Бурение"  |f Р. Н. Абрамова, Л. М. Болсуновская 
210 |a Томск  |c Изд-во ТПУ  |d 2010 
215 |a 103 с. 
333 |a В фонде НТБ ТПУ отсутствует 
610 1 |a труды учёных ТПУ 
700 1 |a Абрамова  |b Р. Н.  |c лингвист  |c доцент Томского политехнического университета  |f 1950-  |g Раиса Николаевна  |3 (RuTPU)RU\TPU\pers\26684 
701 1 |a Болсуновская  |b Л. М.  |c лингвист  |c доцент Томского политехнического университета, кандидат филологических наук  |f 1966-  |g Людмила Михайловна  |3 (RuTPU)RU\TPU\pers\26830  |4 070  |9 12449 
801 1 |a RU  |b 63413507  |c 20120327 
942 |c BK